00346nam a2200133 a 4500008004100000020001500041050001500056100002500071245004300096250001200139260004200151300001000193350000900203120416s0000 ||||||||||||||||| || u a0297770527 aHJ 141 Pre aPrest, Alan Richmond10aPublic finance in developing countries a2nd ed. aLondonbELSBcWeidenfeld and Nicolson a208p. a0.00